| 000 | 00868nam a22002417a 4500 | ||
|---|---|---|---|
| 005 | 20090505110443.0 | ||
| 008 | 090505t xxu||||| |||| 00| 0 eng d | ||
| 010 | _aENG-93439 | ||
| 020 |
_a8188683825 _c440.00 |
||
| 020 |
_a9788188683826 _c440.00 |
||
| 035 | _aEN-76972 | ||
| 037 | _bDBAD / PUB | ||
| 040 |
_adpl _bEnglish |
||
| 082 | _a330.954 | ||
| 100 | _aSarkar, Siddhartha | ||
| 245 |
_aTheorising informal economy / _cby Siddhartha Sarkar |
||
| 260 |
_aDelhi _bAbhijeet Publications _c2006 |
||
| 270 |
_a2/46 Tukhmeerpur Extension _bDelhi _e110094 |
||
| 300 |
_aviii, 168p. _c22cm (Hb) |
||
| 500 | _aIncludes index | ||
| 942 |
_2ddc _cEN _mSAR _h330.954 |
||
| 999 |
_c26102 _d26102 |
||